Golden Integral Calculus (Record no. 8585)

MARC details
000 -LEADER
fixed length control field 00352nam a2200145Ia 4500
008 - FIXED-LENGTH DATA ELEMENTS--GENERAL INFORMATION
fixed length control field 221030s9999 xx 000 0 und d
041 ## - LANGUAGE CODE
Language code of text/sound track or separate title
082 ## - DEWEY DECIMAL CLASSIFICATION NUMBER
Classification number 105.23
Item number Bal
100 ## - MAIN ENTRY--AUTHOR NAME
Personal name N. P. Bali
245 #0 - TITLE STATEMENT
Title Golden Integral Calculus
Statement of responsibility, etc by N. P. Bali
260 ## - PUBLICATION, DISTRIBUTION, ETC. (IMPRINT)
Name of publisher Laxmi Pub.
Place of publication New Delhi
Year of publication 0
300 ## - PHYSICAL DESCRIPTION
Number of Pages 731
650 ## - SUBJECT ADDED ENTRY--TOPICAL TERM
Topical Term BE Mathematics
942 ## - ADDED ENTRY ELEMENTS (KOHA)
Koha item type Books
Holdings
Accession Number Cost, normal purchase price Full call number Price effective from Koha item type Withdrawn / writtenoff status Materials specified (bound volume or other part) Damaged status Not for loan Permanent Location Current Location Shelving location Date acquired Lost/ Missing status department
BE 798 200.00 105.23 Bal 10/30/2022 Books   Print     MIET Library, Jammu MIET Library, Jammu BL-Academic Block C, FL-2, CUP-9, SH-6, R-6 01/28/2000   BE
BE 799 200.00 105.23 Bal 10/30/2022 Books   Print     MIET Library, Jammu MIET Library, Jammu BL-Academic Block C, FL-2, CUP-6, SH-5, R-5 01/28/2000   BE
B 798   105.23 10/30/2022 Books   Print     MIET Library, Jammu MIET Library, Jammu BL-, FL-, CUP-0, SH-0, R-0 06/18/2012   BE